01844 a2200169 45000010006000000050017000060080041000230030015000640400040000790800073001192450029001922640041002213000019002625051361002810410008016421000024016503897720260407155649.0260407a1970 arg spa dAR-UNSa-BCEJYS aAR-UNSa-BCEJYSbspacAR-UNSa-BCEJYS a658.8xOrganización de mercados. Marketing. Ventas. Distribución10aFundamentos de marketing 1aPanamá :bLibros McGraw-Hillc1970 a756 p.c24 cm. aParte I: Marketing Moderno: 1. El marketing en la economía - 2. El papel de la dirección en el marketing - 3. Investigación de marketing - 4. Los mercados, la gente y el dinero - 5. Motivaciones y comportamiento del consumidor - 6. Patrones de compra del consumidor y bienes del consumo - 7. El mercado industrial - 8. Planificación y desarrollo del producto - 9. Política y estrategias de la linea de productos - 10. Marcas, empaquetado y otras carcterísticas de producto - 11. Canales de distribución y mercado minorista - 12. Minoristas y sus métodos operativos - 13. El mercado al por mayor y los inetrmediarios mayoristas - 14. Conflictos de competencias y coopración en los canales de distribución - 16. Dirección de la distribución física - 17. El precio y objetivos de mismo - 18. Determinación de precios en lapráctica - 19. Políticas y estrategias del precio - 20. Plíticas y estrategias del precio(continuación)- 21. El programa de promoción - 22. Dirección de la venta personal - 23. Dirección dela publicidad - 24. El marketing de servicios - 25. El marketing de productos agrícolas - 26. El marketing internacional - 27. Planificación del mercado - 28. Análisis del volumen de ventas - 28. Análisis del volumen de ventas y costos de marketing - 29. El marketing: valoración y perspectivas.  aspa1 aStanton, William J.